000 00875nab a2200265 u 4500
001 21379
003 HDC
007 cr bn ---aaaaa
008 210306c mydr|nes 0 a eng d
040 _aHDC
100 _aMinderjeet Kaur
_eauthor
_917460
245 0 _aMalaysia losing halal edge /
_cby Minderjeet Kaur & Francis Dass
260 _aMalaysia :
_bNEW STRAITS TIMES,
_c2016
300 _a1pages
336 _atext
_2rdacontent
337 _acomputer
_2rdamedia
338 _aonline resource
_2rdacarrier
650 _ahalal industry
_9144
650 _asmall and medium enterprise
_98448
710 _aNEW STRAITS TIMES
856 _zRequest full-text at [email protected]
942 _2lcc
942 _cNEWS
942 _kNWSC 010413
999 _c18695
_d18695